| 000 | 00638cam a22002291 4500 | ||
|---|---|---|---|
| 001 | ne 68004437 | ||
| 003 | DLC | ||
| 005 | 20260227111849.0 | ||
| 008 | 751122s1965 xx 000 0 tur | ||
| 010 | _ane 68004437 | ||
| 035 | _a(OCoLC)1848712 | ||
| 040 |
_aDLC _cOU _dDLC |
||
| 042 | _apremarc | ||
| 050 | 0 | 0 |
_aPL248.K34 _bG8 1965 |
| 100 | 1 |
_aKaray, Refik Halit, _d1888-1965. |
|
| 245 | 1 | 0 | _aGurbet hikâyeleri. |
| 250 | _a2. basılış. | ||
| 260 |
_aI̊stanbul, _bI̊nkılâp ye Aka Kitabevleri _c[1965] |
||
| 300 |
_a214 p. _c20 cm. |
||
| 490 | 1 |
_aHis Külliyat, _v9 |
|
| 800 | 1 |
_aKaray, Refik Halit, _d1888-1965. _tKülliyat, _v9. |
|
| 999 |
_c51013 _d51013 |
||